འབྲུག་གི་ཁ་རྒྱུན་སྲུང་སྣ་ཕྱོགས་བསྡེབས་སྣ་བའི་དགའ་སྟོན། (Record no. 3521)

MARC details
000 -LEADER
fixed length control field 00789nam a2200217 4500
001 - CONTROL NUMBER
control field 4272
005 - DATE AND TIME OF LATEST TRANSACTION
control field 20200701103432.0
008 - FIXED-LENGTH DATA ELEMENTS--GENERAL INFORMATION
fixed length control field 200701b ||||| |||| 00| 0 eng d
020 00 - INTERNATIONAL STANDARD BOOK NUMBER
International Standard Book Number 978993615132
090 00 - LOCALLY ASSIGNED LC-TYPE CALL NUMBER (OCLC); LOCAL CALL NUMBER (RLIN)
Classification number (OCLC) (R) ; Classification number, CALL (RLIN) (NR) 828.9995498 D277d1 2012
245 00 - TITLE STATEMENT
Title འབྲུག་གི་ཁ་རྒྱུན་སྲུང་སྣ་ཕྱོགས་བསྡེབས་སྣ་བའི་དགའ་སྟོན།
Statement of responsibility, etc. Dzongkha Development Commission.
260 00 - PUBLICATION, DISTRIBUTION, ETC.
Place of publication, distribution, etc. Thimphu :
Name of publisher, distributor, etc. Dzongkha Development Commission,
Date of publication, distribution, etc. 2012.
300 00 - PHYSICAL DESCRIPTION
Extent 104 p. ; 22 cm.
500 ## - GENERAL NOTE
General note [Stage 1 story book].
650 ## - SUBJECT ADDED ENTRY--TOPICAL TERM
Topical term or geographic name entry element Children's literature.
Topical term or geographic name entry element Folklore --
Geographic subdivision Bhutan.
Topical term or geographic name entry element Bhutan --Fiction.
Topical term or geographic name entry element Bhutan --Juvenile literature.
Topical term or geographic name entry element Tales Bhutan.
942 ## - ADDED ENTRY ELEMENTS (KOHA)
Source of classification or shelving scheme Dewey Decimal Classification
Koha item type Dzongkha
Holdings
Withdrawn status Lost status Source of classification or shelving scheme Damaged status Not for loan Collection code Home library Current library Shelving location Serial Enumeration / chronology Inventory number Total Checkouts Full call number Barcode Date last seen Copy number Price effective from Koha item type Date acquired Date last checked out
    Dewey Decimal Classification     Dzongkha RTC Library RTC Library Dzongkha 7771   828.9 PHU 30009879 27/11/2018 2 27/11/2018 Dzongkha    
    Dewey Decimal Classification     Dzongkha RTC Library RTC Library Dzongkha 7772 2 828.9 PHU 30009874 18/04/2022 1 27/11/2018 Dzongkha 25/05/2021 19/02/2022
Royal Thimphu College || All Right Reserved